| 000 | 00335nam a2200121Ia 4500 | ||
|---|---|---|---|
| 008 | 220214s9999 xx 000 0 und d | ||
| 100 | _aCock M J W | ||
| 245 | 0 | _aPossibilities for biological control of chromolaena odorata | |
| 260 |
_bTropical Pest Management _c1984 |
||
| 300 | _a13-Jul | ||
| 650 | _aBiological control | ||
| 942 | _cRE | ||
| 999 |
_c45441 _d45441 |
||